Čítanie - čítanosť - čitateľ 3. konferencia Inštitútu vedeckých informácií a knižnej vedy Veoclavskej univerzity, Vroclav, Poľsko

Bibliographic Details
Main Authors: Jamróz-Stolarska, Elżbieta (Author), Jaremków, Monika (Author)
Other Authors: Trancygier, Tomasz, 1947- (Translator)
Format: Article
Language:Slovak
Polish
PhysicalDescription:Fotogr.
ISSN:1335-7026
Subjects:
Online Access:http://www.snk.sk/images/snk/casopis_kniznica/2010//jun/49.pdf

MARC

LEADER 00000nab a2200000 a 4500
001 vtls010119406
003 SK-MaSNL
005 20260305012617.0
008 250708|2010 xo mr|p||||||||00 b|slo
015 |a SNBRB2010/07  |2 snkbucl 
035 |a (uuid)203f3b18-ccc6-4489-8ced-f6367258da50 
035 |a urn:nbn:sk:snk-abc64u 
035 |a (urnnbn)urn:nbn:sk:snk:ar-000pem 
038 |a SNKBUCL 
040 |a SNKBUCL  |b slo  |c SNKBUCL  |e AACR2 
041 1 |a slo  |h pol 
044 |a xo  |c SK 
080 |a 028:061.3  |x (438)  |2 2001 
080 |a 061.3  |2 2001 
100 1 |a Jamróz-Stolarska, Elżbieta  |4 aut  |9 1589794 
245 1 0 |a Čítanie - čítanosť - čitateľ  |b 3. konferencia Inštitútu vedeckých informácií a knižnej vedy Veoclavskej univerzity, Vroclav, Poľsko  |c Elżbieta Jamróz-Stolarska, Monika Jaremków ; preložil Tomasz Trancygier 
300 |b Fotogr. 
610 2 7 |a Uniwersytet Wrocławski.  |b Instytut Informacji Naukowej i Bibliotekoznawstwa  |2 SNKKA  |9 263901 
611 2 7 |a Čítanie - čítanosť - čitateľ  |d (2009 :  |c Vroclav, Poľsko)  |2 snkbucl  |9 1589795 
648 7 |a 2009  |2 snkbucl  |9 320114 
650 0 7 |a čítanie  |2 snkbucl  |9 1654 
650 0 7 |a konferencie  |2 snkbucl  |9 19221 
651 7 |a Poľsko  |2 snkbucl  |9 16755 
651 7 |a Vroclav (Poľsko)  |2 snkbucl  |9 86348 
655 7 |a správy  |2 snkbucl  |9 70563 
700 1 |a Jaremków, Monika  |4 aut  |9 1589796 
700 1 |a Trancygier, Tomasz,  |d 1947-  |4 trl  |9 229691 
773 0 |t Knižnica  |g Roč. 11, č. 6 (2010), s. 49-52  |x 1335-7026 
850 |a Slovenská národná knižnica 
852 |a Slovenská národná knižnica 
856 4 1 |u http://www.snk.sk/images/snk/casopis_kniznica/2010//jun/49.pdf 
954 |a odborná, vedecká literatúra pôvodná (slovenská)  |2 lita 
958 |a article15 
958 |a OND 
958 |a KL 
958 |a PL 
958 |a EUIPO 
999 |c 3258313  |d 3260243